000 00669ngm a22002055a 4500
001 85764
003 BD-RjUL
005 20250928143311.0
008 250928s1965 pk vlurd
035 _aBD-RjUL]85764
040 _aDLC
_cDLC
_eamim
_beng
041 _aurd
082 _223
_a297.265
_bDII 1965
245 0 0 _aاسلام اور سائنس ;; Islam aur science
_pمحمد رفیع الدین ;; Muhammad Rafiuddin
260 _cKarachi :
_aIqbal Ekademy ,
_b1965
300 _a73 p. ;
_c24 cm
650 _aIslam and Science
_916092
942 _2ddc
_cBK
999 _c85764
_d85764